Tagesschau Trivia - Statistiken

Allgemein
  • Dieses Quiz wurde 56 mal gespielt
  • Das Durchschnittsergebnis liegt bei 4 aus 10
Antwortstatistiken
Frage Antwort % Korrekt
Aus wie vielen Tönen besteht die bekannte Erkennungsmelodie der Tagesschau? (Hammond-Fantasie von Hans Carste) 6
65%
Wo wird die Tagesschau produziert? Hamburg-Lokstedt
59%
Anfang September 2024 wurde die ... Ausgabe der 20-Uhr-Sendung ausgestrahlt. 25.000ste
53%
Wann startete die erste Tagesschau offiziell? 26. Dezember 1952
47%
Wie ist die Reihenfolge richtig? Lottozahlen - Wettervorhersage - Vorschau auf die Tagesthemen
41%
Wie viel Geld bekommt ein Sprecher der Tagesschau für eine 20-Uhr-Hauptausgabe? 260 Euro
35%
Welcher der aktuellen Sprecher (Oktober 2024) ist schon am längsten dabei? Jens Riewa
35%
Welcher Fakt über die Anfangszeit der Tagesschau stimmt nicht? Es gab einige Zeit zwei Moderatoren
24%
Welcher dieser Sender sendet die 20-Uhr-Hauptausgabe NICHT? MDR
24%
Wie viele Menschen sehen 2024 durchschnittlich die 20-Uhr-Hauptausgabe? ca. 9,5 Millionen
18%
Keine übereinstimmenden Quizze gefunden
Verteilung der Resultate
Anzahl Personen mit jedem Resultat
Perzentil nach korrekt beantworteten Fragen
Ihre Resultats-Entwicklung
Sie haben dieses Quiz noch nicht gespielt